| 000 | 00393pab a2200157 454500 | ||
|---|---|---|---|
| 008 | 180718b2003 xxu||||| |||| 00| 0 eng d | ||
| 100 | _aBartels, Larry M. | ||
| 245 | _aEconomic behavior in political context | ||
| 260 | _c2003 | ||
| 300 | _ap.156-61. | ||
| 362 | _aMay | ||
| 650 | _aEconomic behaviour | ||
| 700 | _aBrady, Henry E. | ||
| 773 | _aAmerican Economic Review | ||
| 909 | _a57037 | ||
| 999 |
_c57037 _d57037 |
||